1768 1184 1100 1116 1777 1104 1869 1096 1459 1381 1827 1950 1350 1796 1689 1990 1000 1398 1348 1307 1597 1448 1779 1326 1179 1999 1560 1913 1188 1684 1240 1334 1848 1342 1248 1320 1061 1310 1312 1078 1345 1497 1025 1816 1118 1092 1174 1600 1160 1218 1592 1253 1306 1492 1200 1110 1648 1450 1017 1889 1767 1495 1408 1963 1037 1976 1719 1281 1793 1644 1344 1538 1361 1666 1255 1515 1534 1963 1105 1510 1105 1772 1714 1850 1827 1499 1246 1163 1026 1987 1382 1303 1512 1859 1190 1761 1854 1120 1585 BCNSPRNW ULIB Ver.6.0+V

เปลี่ยนเป็นภาษาไทย

Change to English
 แสดงรายละเอียดบรรณานุกรม
  กลับหน้าหลัก

Brief Record : Get Marc (ISO 2709) : E-mail record : QR code < ปิดหน้าต่าง
LEADER : 00000nam 2200000uu 4500
001    13399114399
003     ULIB
008    110907s||||||||th 000 0 tha d
020    9789747330489
050 04 LB2952^bช116ก
100 0  ชัยวัฒน์ สุทธิรัตน์
245 10 การจัดการเรียนรู้ตามสภาพจริง /^cชัยวัฒน์ สุทธิรัตน์
250    พิมพ์ครั้งที่ 1
260    กรุงเทพฯ :^bสหมิตรพริ้นติ้งแอนด์พับลิสชิ่ง,^c2554
300    154 หน้า
650  7 การเรียนรู้
945    ^p150^l0^i031490
995    ทศพร
999 ^a ทศพร
รายการนี้ยังไม่มีแท็ก
คุณยังไม่ได้ล็อกอิน คุณสามารถมีกิจกรรมร่วมกับเว็บไซต์ได้ แต่ต้องล็อกอินก่อน ::
  ล็อกอิน

รายการสื่อสารสนเทศ

ลำดับที่ ประเภท เลขเรียก/บาร์โค้ด สถานที่ สถานะ
- ไม่พบข้อมูล -

รายการใกล้เคียง
    ผู้แต่ง [ชัยวัฒน์ สุทธิรัตน์]

    หัวเรื่อง [การเรียนรู้]

BibComment


ยังไม่เคยถูกคอมเมนท์

คอมเมนท์ทรัพยากรรายการนี้
  คอมเมนท์: การจัดการเรียนรู้..


 Copyright 2026. Bcnsprnw @Library